New dimensions of social stratification in rural Sri Lanka / (Record no. 246)
[ view plain ]
| 000 -LEADER | |
|---|---|
| fixed length control field | 00667cam a2200217 a 4500 |
| 001 - CONTROL NUMBER | |
| control field | 1002523 |
| 005 - DATE AND TIME OF LATEST TRANSACTION | |
| control field | 20240130060050.0 |
| 008 - FIXED-LENGTH DATA ELEMENTS--GENERAL INFORMATION | |
| fixed length control field | 860502s1985 ce b b 001 0 eng |
| 040 ## - CATALOGING SOURCE (பட்டியலாக்க மூலம்) | |
| Original cataloging agency | DLC |
| Transcribing agency | DLC |
| Modifying agency | DLC |
| 082 00 - DDC Classification | |
| Class No. | 305.5/12/095493 |
| DDC Edition Number | 19 |
| Item Number - Author Mark | JAY. |
| 100 1# - MAIN ENTRY--PERSONAL NAME | |
| Personal name | Perera, Jayantha. |
| 245 10 - TITLE STATEMENT | |
| Title | New dimensions of social stratification in rural Sri Lanka / |
| Statement of responsibility, etc. | Jayantha Perera. |
| 250 ## - EDITION STATEMENT | |
| Edition statement | 1 st. |
| 260 ## - PUBLICATION, DISTRIBUTION, ETC. | |
| Place of publication, distribution, etc. | Colombo, Sri Lanka : |
| Name of publisher, distributor, etc. | Lake House Investments, |
| Date of publication, distribution, etc. | 1985. |
| 300 ## - PHYSICAL DESCRIPTION | |
| Extent (e.g. Volumes, Pages etc.) | xv, 211 p. : |
| 500 ## - GENERAL NOTE | |
| General note | Revision of the author's thesis (D. Phil.--University of Sussex, 1981) |
| 500 ## - GENERAL NOTE | |
| General note | Includes index. |
| 650 #0 - SUBJECT ADDED ENTRY--TOPICAL TERM | |
| Topical term or geographic name entry element | Social classes |
| 650 #0 - SUBJECT ADDED ENTRY--TOPICAL TERM | |
| Topical term or geographic name entry element | Villages |
| 942 ## - Koha item type (Biblio) | |
| Koha item type | Books in Stacks (Lending) |
| Lost status | Damaged status | Collection code | Home library | Current library | Date acquired | Full call number | Accession Number | Item type |
|---|---|---|---|---|---|---|---|---|
| Lending | WERC Library | WERC Library | 01/30/2024 | 305.5/12/095493 JAY. | 979 | Books in Stacks (Lending) |
